[Event "Berlin Lichtenberger op 14th"]
[Site "Berlin"]
[Date "2015.08.22"]
[Round "8"]
[White "Segerberg, Tomas Olof"]
[Black "Genot, Frank"]
[Result "1-0"]
[WhiteElo "2073"]
[BlackElo "1822"]
[PlyCount "51"]
[EventDate "2015.08.15"]
[EventType "swiss"]
[EventRounds "9"]
[EventCountry "GER"]
[SourceTitle "EXT 2016"]
[Source "ChessBase"]
[SourceDate "2015.10.08"]
[SourceVersion "1"]
[SourceVersionDate "2015.10.08"]
[SourceQuality "1"]

1. c4 e5 2. Nc3 Nc6 3. Nf3 f5 4. d4 e4 5. Ng5 g6 6. Nh3 Bg7 7. e3 Nf6 8. Nf4 0-0 9. Bd2 Ne7 10. Rc1 c6 11. h4 h6 12. Na4 Kh7 13. Bb4 d6 14. Nc3 Ne8 15. Be2 Nc7 16. Qb3 Na6 17. Ba3 Rf6 18. Qc2 Qa5 19. Kf1 Bd7 20. Qd2 Kg8 21. Nxe4 Qxd2 22. Nxd2 Nc7 23. Nf3 Rd8 24. b3 Be8 25. Bb2 d5 26. Ba3 1-0